Obchodný anjel – marketing a etika ako forma zvýšenia využívania tejto inovatívnej formy financovania malých a stredných podnikov

Financovanie malých a stredných podnikov formou rizikového a rozvojového kapitálu – venture capital and private equity. Pojem obchodní anjeli. Aktivita obchodných anjelov vo Veľkej Británii, Fracúzsku a Nemecku. Synergia podnikov, vlády, mimovládnych organizácií, univerzít a médií. Dodržiavanie prin...

Descripción completa

Guardado en:
Detalles Bibliográficos
Autor principal: Badida, Peter
Formato: Capítulo de libro
Lenguaje:eslovaco
Materias:
Etiquetas: Agregar Etiqueta
Sin Etiquetas, Sea el primero en etiquetar este registro!

MARC

LEADER 00000nla a2200000 4500
001 0168716
005 20221020085508.7
041 0 |a slo 
044 |a SK 
245 1 0 |a Obchodný anjel – marketing a etika ako forma zvýšenia využívania tejto inovatívnej formy financovania malých a stredných podnikov  |c Peter Badida 
520 |a Financovanie malých a stredných podnikov formou rizikového a rozvojového kapitálu – venture capital and private equity. Pojem obchodní anjeli. Aktivita obchodných anjelov vo Veľkej Británii, Fracúzsku a Nemecku. Synergia podnikov, vlády, mimovládnych organizácií, univerzít a médií. Dodržiavanie princípov etiky v dohode o spolupráci medzi obchodným anjelom a pôvodným vlastníkom MSP. Marketing ako forma zvýšenia využívania kapitálu obchodného anjela ako inovatívnej formy financovania MSP vo väčšom meradle. 
610 2 0 |a kapitál rizikový 
610 2 0 |a kapitál rozvojový 
610 2 0 |a financie 
610 2 0 |a financovanie 
610 2 0 |a inovácia 
610 2 0 |a podnikanie 
610 2 0 |a podnik malý 
610 2 0 |a podnik stredný 
610 2 0 |a marketing 
610 2 0 |a etika 
100 1 |a Badida, Peter